A Moita, os barcos e o Tejo (Registo nº 199332)

Detalhes MARC
000 -Etiqueta do registo
Valores 00604nam 22001813 4500
021 ## - Número do Depósito Legal
Código do país Portugal
Número 69000/93
100 ## - Dados gerais de processamento
Dados gerais 20251202d u||y0pory50 ba
200 ## - Titulo e menção de responsabilidade
Título próprio A Moita, os barcos e o Tejo
Primeira menção de responsabilidade roteiro e textos Luís Jorge Gonçalves
210 ## - Publicação
Local de publicação Moita
Nome do editor Câmara Municipal da Moita
215 ## - Descrição física 
Paginação / Volumes 57 p.
Outras indicações físicas il. ; brochado
Dimensões 21 cm
606 ## - Nome comum usado como assunto
ID Autoridade 2051
Palavra de ordem Antropologia Cultural. Etnologia. Etnografia. Usos e Costumes. Tradições. Modo de vida. Folclore
675 ## - CDU
Notação 39
Edição PT
Língua por
700 ## - Autor principal (pessoa individual)
ID Autoridade 12478
Apelido Gonçalves
Nome Luís Jorge
801 ## - Fonte de origem
País PT
Agência BMMN
Regras de catalogação RPC
830 ## - Notas gerais do catalogador
Criado por Vanda
990 ## - Elementos KOHA
Tipo de documento Livro
Exemplares
Situação do levantamento Biblioteca de origem Código de barras Cota Permissão de empréstimo Tipo de documento Forma de aquisição
  Biblioteca Municipal de Montemor-o-Novo 28173 39 GON|DEP   Livro Oferta

Powered by Koha